La escuela individualizada: el sistema de Winetka

Saved in:
Bibliografiske detaljer
Hovedforfatter: Washburne, Carleton W (Author)
Format: Bog
Sprog:spansk
Udgivet: Buenos Aires Losada 1945
Serier:La Escuela Activa, 14
Fag:
Tags: Tilføj Tag
Ingen Tags, Vær først til at tagge denne postø!

MARC

LEADER 00000nam a2200000 a 4500
001 UCZ7629
003 CL-VaPUC
008 960105e19450000AG |||||||||||||||||spa|d
082 0 4 |a 371.394  |b WAS  |2 21 
100 0 |a Washburne, Carleton W  |e author  |9 352611 
245 1 3 |a La escuela individualizada: el sistema de Winetka 
300 |a 205 p 
942 |c BK 
945 |d 19960105 00:00:00  |a lriquelm 
260 |a Buenos Aires  |b Losada  |c 1945 
650 7 |a ENSEÑANZA INDIVIDUALIZADA  |2 CL-VaPUC  |9 307241 
650 0 |a Métodos de enseñanza  |9 270413 
650 0 |a Sistemas educacionales  |9 324695 
650 0 |a Educación básica   |9 224933 
650 0 |a Matemática  |9 260235 
650 0 |a Enseñanza de la lectura  |9 308364 
650 0 |a Comportamiento   |9 308406 
650 0 |a Escuelas  |9 308582 
583 |a last modification  |c 19960105 00:00:00  |k Rodrigo Vera 
490 0 |a La Escuela Activa, 14 
999 |c 243680  |d 243678 
952 |0 0  |1 0  |4 0  |6 371_394000000000000_WAS_1945  |7 0  |8 P  |9 257443  |a BIBEDU  |b BIBEDU  |c BIBEDU_PB  |d 2019-11-19  |i 1611720  |o 371.394 WAS 1945  |p 1611720  |r 2024-01-25  |w 2019-11-19  |y BK  |k EDU 
952 |0 0  |1 0  |4 0  |6 371_394000000000000_WAS_1945  |7 0  |8 P  |9 257444  |a BIBEDU  |b BIBEDU  |c BIBEDU_PB  |d 2019-11-19  |i 1629344  |o 371.394 WAS 1945  |p 1629344  |r 2024-01-25  |w 2019-11-19  |y BK  |k EDU 
952 |0 0  |1 0  |4 0  |6 371_394000000000000_WAS_1945  |7 0  |8 P  |9 257445  |a BIBEDU  |b BIBEDU  |c BIBEDU_PB  |d 2019-11-19  |i 2012448  |o 371.394 WAS 1945  |p 2012448  |r 2024-01-25  |w 2019-11-19  |y BK  |k EDU